000 00223nam a22001097a 4500
999 _c533657
_d533657
040 _cdlc
082 _a523.3
100 _aDavid Whitehouse
_927608
245 _aThe Moon: A Biography
300 _a312p
942 _2ddc
_cBK